000 00911cam a2200241 4500
001 ##L131512
002 ##8868
008 051110n2005 000 0 eng u
020 _a1903927617
035 _a(Sirsi) u131512
041 0 _aeng
050 0 4 _a336.271 $2 18
100 1 _aFinn, Sean
245 0 4 _aThe VAT and property guide
250 _a2nd ed.
260 _aLondon
_bLegalease
_c2005
300 _axiv, 198p.
_c23cm.
350 _a39.95
520 _aPresents a practical guide to the VAT treatment of commercial and non-commercial property transactions. The author examines key European and UK case law; the interaction of VAT with Stamp Duty Land Tax; and the latest anti-avoidance legislation. It is targeted at those involved in the property and construction that do not have specialist knowledge of VAT.
590 _aIKA310106
690 _aPROPERTY-PROPERTY TAXATION
942 _n0
999 _c104776
_d104776